đŸŽ¶ Paroles "La Marseillaise" version Graeme Allwright - Statistiques

Statistiques générales
  • Ce quiz a Ă©tĂ© pris 66 fois
  • Le rĂ©sultat moyen est 22 sur 73
Statistiques - réponses
Mots % Correct
d'
89%
L'
89%
L'
89%
L'
89%
de
85%
de
85%
de
85%
de
85%
enfants
85%
la
84%
la
84%
la
84%
la
84%
La
84%
la
84%
le
69%
est
40%
au
33%
nos
33%
nos
33%
et
31%
et
31%
et
31%
et
31%
et
31%
nous
31%
les
29%
les
29%
les
29%
les
29%
Contre
22%
Pour
22%
Pour
22%
Que
20%
qui
20%
levé
18%
tous
18%
amour
15%
paix.
15%
étendard
13%
étendard
13%
joie
13%
liberté.
13%
terre
13%
amitié,
11%
Marchons
11%
notre
11%
guerres
9%
toutes
9%
vers
9%
Chantons
7%
coeurs
7%
fond
7%
justice
7%
amis,
5%
espoir
5%
haines
5%
misĂšre
5%
partage.
5%
peur
5%
courage
4%
éclaire,
4%
flamme
4%
forces,
4%
frontiĂšres
4%
lumiĂšre.
4%
rĂšgnent
4%
solidaires
4%
Traverse
4%
vaincre
4%
Partons,
2%
partons,
2%
Rassemblons
2%
Aucun quiz correspondant
Distribution des résultats
% des personnes avec chaque résultat
Percentile par nombre de réponses
Votre historique - résultats
Vous n’avez pas pris ce quiz